| 000 | 01182aab a2200253 i 4500 | ||
|---|---|---|---|
| 001 | 768714001 | ||
| 003 | CO-MdFUSB | ||
| 005 | 20240712111944.0 | ||
| 008 | 240712t2002 sz ||||| |||| 00| 0 eng d | ||
| 040 |
_bspa _cCO-MdFUSB |
||
| 041 | _aeng | ||
| 100 | 1 |
_aHam, Carlos Emilio _eautor |
|
| 245 | 1 | 0 |
_aA Cuban experience of mission in unity _c/ Carlos Emilio Ham |
| 520 | _aEl Evangelio de Mateo concluye con declaraciones al final del versículo que afirman los deberes que el Señor le ha confiado y compartió con nosotros a través del Espíritu Santo. En la sección vertical de la cruz, expresa un símbolo para que colaboremos con él, pero en su sección horizontal, también transmite el mensaje de trabajar unos para otros | ||
| 546 | _aTexto en inglés. | ||
| 630 | 0 | 7 |
_aBiblia. _vMateo _xCrítica, interpretación, etc. |
| 650 | 7 |
_aHermenéutica bíblica _97333 |
|
| 650 | 0 |
_aEvangelización _9362 |
|
| 650 | 0 |
_aMisiones _9154 |
|
| 650 | 7 |
_aTeología pastoral y unidad cristiana _97183 |
|
| 773 | 0 |
_tReformed World _049396 _959513 _gVolumen 52, (número 2, 2002) páginas: 59 - 64 _qpágina: 59 |
|
| 942 | _cANA | ||
| 945 | _aCatherine Arias Alvarez - Practicante SENA | ||
| 999 |
_c55616 _d55616 |
||